000 00582nam a2200217 a 4500
005 20210219153447.0
008 991125n 000 0 u
035 _aUPN01000101122
100 _aCawood, J.
222 _aGIFTED EDUCATION INTERNATIONAL
245 _aStudent leadership in schools : benevolent or malevolent
300 _a32-35
362 _a8, No. 1, 1992
505 _aFebrero 1993
653 0 _aESTUDIANTES NEGROS
653 0 _aFORMACION DE LIDEREZ
653 0 _aLIDERAZGO ESTUDIANTIL
653 0 _aREGALO
904 _aAC
_b038933
905 _aArticulo
999 _c77458
_d77458